000 00361nam a2200145Ia 4500
008 241014s9999||||xx |||||||||||||| ||und||
020 _a0-781736390
060 _aQS 4 M 2006
100 _aMoore, Keith L.
245 0 _aClinically Oriented Anatomy
250 _a5th
260 _bLippincott Williams and Wilkins
_c2006
650 _aAnatomy
942 _bDIMC
_cBK
999 _c6265
_d6265